000 01120nam a22002657a 4500
005 20170124102952.0
010 _aB-014279
020 _c125.00
_a8126302186
035 _aB-014279
037 _bCen Lib/Ret
040 _aDPL
_bHN
082 _a824
_bधर्मवी
100 _aधर्मवीर भारती
_951948
245 _aकहनी अनकहनी /
_cधर्मवीर भारती
246 _aKahni ankahni /
_bby Dharmveer Bharti
250 _aतीसरा संस्करण
260 _aनयी दिल्ली
_bभारतीय ज्ञानपीठ
_c2000
270 _bनयी दिल्ली
_e110003
_a18, इंस्टीट्यूशनल एरिया, लोदी रोड
300 _a174पृ.
_c21सेमी (सजिल्द)
650 _aहिन्दी -- साहित्य
_951949
650 _aहिन्दी -- कहानियां
_951950
650 _aHindi -- literature
_951951
650 _aHindi - Stories
_951952
942 _2ddc
_cHN
_h824
_mधर्मवी
999 _c113373
_d113373